Charter Freight Market and Study of World Seaborne Trade of Grains (Record no. 8516)
[ view plain ]
| 000 -LEADER | |
|---|---|
| fixed length control field | 01553cam a22001934a 4500 |
| 005 - ΗΜΕΡΟΜΗΝΙΑ ΚΑΙ ΩΡΑ ΤΕΛΕΥΤΑΙΑΣ ΕΝΗΜΕΡΩΣΗΣ | |
| Πεδίο ελέγχου | 20250605164338.0 |
| 008 - FIXED-LENGTH DATA ELEMENTS--GENERAL INFORMATION | |
| Πεδίο ελέγχου σταθερού μήκους | 250528s ||||||||||||||||||||||||d |
| 035 ## - SYSTEM CONTROL NUMBER | |
| System control number | 23511 |
| 040 ## - ΠΗΓΗ ΚΑΤΑΛΟΓΟΓΡΑΦΗΣΗΣ | |
| Φορέας πρωτότυπης καταλογογράφησης | MC Athens Campus Library |
| Γλώσσα καταλογογράφησης | Ελληνικά, Μοντέρνα (1453-) |
| Modifying agency | MC Athens Campus Library |
| Κανόνες περιγραφικής καταλογογράφησης | AACR2 |
| 245 1# - ΤΙΤΛΟΣ ΚΑΙ ΔΗΛΩΣΗ ΥΠΕΥΘΥΝΟΤΗΤΑΣ | |
| Τίτλος | Charter Freight Market and Study of World Seaborne Trade of Grains |
| 260 ## - PUBLICATION, DISTRIBUTION, ETC. | |
| Date of publication, distribution, etc. | 2011 |
| 300 ## - PHYSICAL DESCRIPTION | |
| Extent | 38 |
| 520 ## - SUMMARY, ETC. | |
| Summary, etc. | Εισαγωγή, Ναυλαγορά Charter, Χαρακτηριστικά της Ναυλαγοράς Charter, Είδη Ναυλώσεων και Συμβολαίων, Δομή Ναυλαγοράς Ξηρού Φορτίου, Κατηγορίες Πλοίων Ξηρού Φορτίου (Bulk Carriers), Πορεία Ναύλων στην Ναυλαγορά Ξηρού Φορτίου Χύδην, Πορεία Παγκόσμιου Θαλάσσιου Εμπορίου Σιτηρών, Ναυτιλιακά Οικονομικά Στροιχεία για το Έτος 2004, Ναυτιλιακά Οικονομικά Στροιχεία για το Έτος 2005, Ναυτιλιακά Οικονομικά Στροιχεία για το Έτος 2006, Ναυτιλιακά Οικονομικά Στροιχεία για το Έτος 2007, Ναυτιλιακά Οικονομικά Στροιχεία για το Έτος 2008, Ναυτιλιακά Οικονομικά Στροιχεία για το Έτος 2009, Βιβλιογραφία, Παράρτημα Α. |
| 700 1# - ΠΡΟΣΘΕΤΗ ΑΝΑΓΡΑΦΗ--ΦΥΣΙΚΟ ΠΡΟΣΩΠΟ | |
| Personal name | Dimakis Theodore A |
| 9 (RLIN) | 9084 |
| 700 1# - ΠΡΟΣΘΕΤΗ ΑΝΑΓΡΑΦΗ--ΦΥΣΙΚΟ ΠΡΟΣΩΠΟ | |
| Personal name | Papoulakos Dimitrios |
| 9 (RLIN) | 9082 |
| 942 ## - ADDED ENTRY ELEMENTS (KOHA) | |
| Koha item type | Διπλωματική εργασία |
| Τύπος τεκμηρίου | Βιβλιοθήκη | Τρέχουσα τοποθεσία | Barcode | Ημερομηνία απόκτησης | Ταξιθετικό σύμβολο | Αριθμός αντιτύπου | Κατάσταση απόσυρσης | Κατάσταση χαμένου | Κατάσταση κατεστραμμένου | Μη δανεισμός | Σύνολο δανεισμών | Ημερομηνία τελευταίας εμφάνισης | Η τιμή ισχύει από |
|---|---|---|---|---|---|---|---|---|---|---|---|---|---|
| Διπλωματική εργασία | MC Athens Campus Library | MC Athens Campus Library | 9780000085153 | 05/06/2025 | SHI 2011 (1) | 1 | 05/06/2025 | 05/06/2025 |